Nesnáším Pohádkov. (Záznam č. 34153)

Podrobnosti MARC
000 -Návěští
Řídící pole kódované 24B 01000nam a2200301 i 4500
001 - Kontrolní číslo
Řídící pole proměnné 001109230
003 - Identifikátor kontrolního čísla
Řídící pole proměnné CZ HkSVK
005 - Datum posledního zpracování
Řídící pole 16B 20260415084422.0
007 - Pole pevné délky pro fyzický popis
Řídící pole kódované ta
008 - Údaje pevné délky
Řídící pole kódované 40B 260413s2026 xr a g 6 000| cze d
020 ## - ISBN
ISBN 9788077120197
040 ## - Zdroj katalogizace-agentura
Agentura původní katalogizace HKA001
Jazyk katalogizace cze
Použitá pravidla popisu rda
041 1# - Kód jazyka
Kód jazyka textu/zvuku, mezititulků cze
Kód jazyka originálu eng
100 1# - Hlavní záhlaví - osobní jméno autora
Osobní jméno Young, Skottie,
Datumy související se jménem 1978-
Kód role aut
9 (RLIN) 14348
240 10 - Unifikovaný název
Unifikovaný název <a href="Happy end game.">Happy end game.</a>
Jazyk díla Česky
245 10 - Údaje o názvu
Název Nesnáším Pohádkov.
Číslo části/sekce díla Svazek osmý,
Název části/sekce díla Štístkoncovka /
Údaj o odpovědností, atd. vytvořil a napsal Skottie Young ; nakreslil Brett Bean ; překlad z angličtiny: Michael Talián
246 30 - Variantní vázvy
Hlavní název/zkrácený název Štístkoncovka
250 ## - Údaje o vydání
Označení vydání První vydání
264 #1 - Nakladatelské údaje
Místo vydání [Praha] :
Nakladatel Crew,
Rok vydání 2026
300 ## - Fyzický popis
Rozsah 128 nečíslovaných stran :
další fyzické údaje barevné ilustrace ;
Rozměry 26 cm
500 ## - Všeobecná poznámka
Text obecné poznámky Sbírka sešitů 16-20 (druhá řada)
700 1# - Vedlejší záhlaví - osobní jméno autora
Osobní jméno Bean, Brett
Kód role ill
9 (RLIN) 18131
700 1# - Vedlejší záhlaví - osobní jméno autora
Osobní jméno Talián, Michael,
Datumy související se jménem 1974-
Kód role trl
9 (RLIN) 18132
710 2# - Vedlejší záhlaví - jméno korporativního autora
Jméno korporace nebo jurisdikce Nakladatelství Crew
Kód role pbl
9 (RLIN) 20581
765 0# - Záhlaví v originálním jazyce
Název I hate Fairyland
910 ## - Údaje o vlastníkovi jednotky (exempláře)
Sigla vlastníka jednotky ABG508
Jednotky
Stav ztráty Zdroj klasifikace pro skladování Stav poškození
  Universal Decimal Classification  

Používáme knihovní systém Koha